01912nam a2200421 a 4500001001200000003000800012006001900020007001500039008004100054010001700095020001500112020001800127020002700145040002100172035002100193050002400214082002700238245011100265260008800376300002300464490005500487500017400542504005100716533015200767650003900919650002400958650003000982655002901012700001901041700001901060710005601079710001701135711006601152711007101218830005601289856012601345999001901471ebr10516738CaPaEBRm u cr cn|||||||||860509s1986 nyuad sb 001 0 eng d z 86010807  z093040310X z9780930403102 z9781600863585 (e-book) aCaPaEBRcCaPaEBR a(OCoLC)77428574914aTL1060b.T44 1986eb04a629.1 sa629.4/15221900aThermophysical aspects of re-entry flowsh[electronic resource] /cedited by James N. Moss, Carl D. Scott. aNew York, N.Y. :bAmerican Institute of Aeronautics and Astronautics, Inc.,cc1986. axv, 620 p. :bill.1 aProgress in astronautics and aeronautics ;vv. 103 a"Technical papers selected from the AIAA 23rd Aerospace Sciences Meeting, January 1985, and the AIAA 20th Thermophysics Conference, June 1985, and subsequently revised." aIncludes bibliographical references and index. aElectronic reproduction.bPalo Alto, Calif. :cebrary,d2013.nAvailable via World Wide Web.nAccess may be limited to ebrary affiliated libraries. 0aSpace vehiclesxAtmospheric entry. 0aAerothermodynamics. 0aAerodynamics, Hypersonic. 7aElectronic books.2local1 aMoss, James N.1 aScott, Carl D.2 aAmerican Institute of Aeronautics and Astronautics.2 aebrary, Inc.2 aAIAA Aerospace Sciences Meetingn(23rd :d1985 :cReno, Nev.)2 aAIAA Thermophysics Conferencen(20th :d1985 :cWilliamsburg, Va.) 0aProgress in astronautics and aeronautics ;vv. 103.40uhttp://site.ebrary.com/lib/rucke/Doc?id=10516738zAn electronic book accessible through the World Wide Web; click to view c224310d224310